[Event "II. CLANSKA LIGA ZAHOD 2012"]
[Site " Ljubljana"]
[Date "2012.10.27"]
[Round "8.1"]
[White "Markoja, Sebastijan"]
[Black "Oberc, Marjan"]
[Result "1-0"]
[WhiteElo "2048"]
[BlackElo "2049"]
[PlyCount "77"]
[EventDate "2012.10.27"]
[WhiteTeam "SK KOMENDA"]
[BlackTeam "SK TRZIN"]

1. e4 c5 2. Nf3 Nc6 3. d4 cxd4 4. Nxd4 d5 5. exd5 Qxd5 6. Nxc6 Qxd1+ 7. Kxd1
bxc6 8. Bd3 Nf6 9. Bg5 e6 10. Bxf6 gxf6 11. c3 a5 12. Be4 Bb7 13. Kc2 f5 14.
Bf3 Bc5 15. Rf1 Rc8 16. c4 Ba6 17. b3 h5 18. Nc3 Bd4 19. Rad1 Be5 20. h3 Bxc3
21. Kxc3 Ke7 22. Rd2 e5 23. Rfd1 Rc7 24. Rd6 e4 25. Be2 Bc8 26. c5 Be6 27. h4
Rg8 28. Rg1 Rh8 29. f3 Bd5 30. Kd4 Rd7 31. Rxd7+ Kxd7 32. Ke5 Be6 33. fxe4 fxe4
34. Kxe4 Rb8 35. Rd1+ Bd5+ 36. Kf4 a4 37. bxa4 Rb4+ 38. Kg5 Rxa4 39. Rxd5+ 1-0

[Event "II. CLANSKA LIGA ZAHOD 2012"]
[Site " Ljubljana"]
[Date "2012.10.27"]
[Round "8.2"]
[White "Jukan, Nesib"]
[Black "Leonardi, Caterina"]
[Result "1-0"]
[WhiteElo "1975"]
[BlackElo "1868"]
[PlyCount "79"]
[EventDate "2012.10.27"]
[WhiteTeam "SK TRZIN"]
[BlackTeam "SK KOMENDA"]

1. d4 Nf6 2. Nf3 g6 3. c4 Bg7 4. Nc3 d5 5. cxd5 Nxd5 6. e4 Nxc3 7. bxc3 c5 8.
Be3 O-O 9. Be2 Nc6 10. O-O Bg4 11. d5 Bxf3 12. Bxf3 Ne5 13. Be2 Rc8 14. Qa4 a6
15. Rab1 Rc7 16. Rfd1 Qd6 17. f4 b5 18. fxe5 Bxe5 19. Qc2 Bxh2+ 20. Kh1 f5 21.
Bg1 Bg3 22. Rd3 f4 23. Bg4 Qf6 24. Bh3 Qh4 25. Rf1 Rcc8 26. Qe2 h5 27. e5 g5
28. Qe4 Kg7 29. Rxg3 fxg3 30. Qxh4 gxh4 31. Rd1 Rc7 32. Be6 Rd8 33. Be3 Kg6 34.
Rf1 a5 35. a3 Rb8 36. d6 exd6 37. exd6 Rc6 38. Bf5+ Kg7 39. d7 Rf8 40. Rd1 1-0

[Event "II. CLANSKA LIGA ZAHOD 2012"]
[Site " Ljubljana"]
[Date "2012.10.27"]
[Round "8.3"]
[White "Unuk, Laura"]
[Black "Markic, Vladimir"]
[Result "0-1"]
[WhiteElo "1948"]
[BlackElo "1763"]
[PlyCount "107"]
[EventDate "2012.10.27"]
[WhiteTeam "SK KOMENDA"]
[BlackTeam "SK TRZIN"]

1. d4 d5 2. c4 e6 3. Nc3 Nf6 4. Bg5 Be7 5. e3 O-O 6. Nf3 Nbd7 7. Bd3 h6 8. Bh4
c6 9. O-O Re8 10. Rc1 dxc4 11. Bxc4 Nd5 12. Bg3 N7f6 13. Ne5 Nxc3 14. bxc3 Nd7
15. f4 Bh4 16. Nxf7 Kxf7 17. Qh5+ g6 18. Qxh4 Qxh4 19. Bxh4 Nf6 20. h3 h5 21.
f5 Nd5 22. fxe6+ Kg7 23. e7 Be6 24. e4 Nc7 25. Bxe6 Nxe6 26. d5 cxd5 27. exd5
Nc5 28. Rf3 Nd7 29. Re1 Rac8 30. Re6 Rc5 31. Bf6+ Nxf6 32. Rfxf6 Rxe7 33. Rxg6+
Kf7 34. Rg7+ Kxg7 35. Rxe7+ Kf6 36. Rxb7 Ra5 37. Rb2 Ke5 38. Rd2 Kd6 39. Kf2
Rc5 40. Kf3 Rxc3+ 41. Kf4 Rc4+ 42. Kg5 h4 43. a3 a5 44. Rd3 a4 45. g3 hxg3 46.
Rxg3 Kxd5 47. h4 Rc1 48. Rg4 Rc4 49. Rxc4 Kxc4 50. h5 Kb3 51. h6 Kxa3 52. h7
Kb3 53. h8=Q a3 54. Qa1 0-1

[Event "II. CLANSKA LIGA ZAHOD 2012"]
[Site " Ljubljana"]
[Date "2012.10.27"]
[Round "8.4"]
[White "Konvalinka, Kostja"]
[Black "Vidic, Teja"]
[Result "0-1"]
[WhiteElo "1761"]
[BlackElo "1850"]
[PlyCount "82"]
[EventDate "2012.10.27"]
[WhiteTeam "SK TRZIN"]
[BlackTeam "SK KOMENDA"]

1. e4 e5 2. Nf3 Nc6 3. Bc4 Nf6 4. Ng5 d5 5. exd5 Na5 6. Bb5+ c6 7. dxc6 bxc6 8.
Be2 h6 9. Nf3 e4 10. Ne5 Bc5 11. O-O Qc7 12. d4 exd3 13. Bxd3 O-O 14. Re1 Bd6
15. Nf3 Bg4 16. h3 Bh5 17. Nbd2 Rad8 18. Nb3 Nc4 19. Nbd4 Bh2+ 20. Kh1 Rxd4 21.
Bh7+ Nxh7 22. Qxd4 Bxf3 23. gxf3 Ne5 24. Bf4 Bxf4 25. Qxf4 f6 26. h4 Qb6 27.
Rg1 Qxf2 28. Raf1 Qxc2 29. Qxh6 Ng5 30. Rxg5 fxg5 31. Qe6+ Nf7 32. hxg5 g6 33.
Rg1 Qf5 34. Re1 Qxf3+ 35. Kg1 Kg7 36. Re3 Nxg5 37. Qe7+ Qf7 38. Qxg5 Qf2+ 39.
Kh1 Rh8+ 40. Qh6+ Rxh6+ 41. Rh3 Rxh3# 0-1

[Event "II. CLANSKA LIGA ZAHOD 2012"]
[Site " Ljubljana"]
[Date "2012.10.27"]
[Round "8.5"]
[White "Kralj, Manca"]
[Black "Mihelic, Mitja"]
[Result "1/2-1/2"]
[WhiteElo "1784"]
[BlackElo "1682"]
[PlyCount "70"]
[EventDate "2012.10.27"]
[WhiteTeam "SK KOMENDA"]
[BlackTeam "SK TRZIN"]

1. e4 c5 2. Nf3 e6 3. d4 cxd4 4. Nxd4 a6 5. Nc3 d6 6. Be2 b6 7. O-O Bb7 8. f4
Nd7 9. Nb3 Ngf6 10. Bf3 Qc7 11. Be3 Be7 12. Qe1 Rc8 13. Qf2 O-O 14. Rac1 b5 15.
a3 Qb8 16. Na5 Ba8 17. Nb3 Bb7 18. Na5 Ba8 19. Ba7 Qc7 20. Nb3 Nc5 21. Bxc5
dxc5 22. e5 Nd5 23. Nxd5 Bxd5 24. Bxd5 exd5 25. Rfd1 d4 26. Nd2 Qb7 27. Nf3
Rfd8 28. Kh1 Qe4 29. Nd2 Qd5 30. Qe2 Qc6 31. Nf3 h6 32. c3 dxc3 33. Rxc3 Rxd1+
34. Qxd1 Rd8 35. Qe2 Qd5 1/2-1/2

[Event "II. CLANSKA LIGA ZAHOD 2012"]
[Site " Ljubljana"]
[Date "2012.10.27"]
[Round "8.6"]
[White "Varga, Ivan"]
[Black "Bernik, Alja"]
[Result "0-1"]
[WhiteElo "1512"]
[BlackElo "1680"]
[PlyCount "90"]
[EventDate "2012.10.27"]
[WhiteTeam "SK TRZIN"]
[BlackTeam "SK KOMENDA"]

1. e4 e5 2. Nf3 Nc6 3. Bc4 Be7 4. d4 exd4 5. h4 d6 6. Ng5 Bxg5 7. Bxg5 f6 8.
Bf4 Qe7 9. O-O Bd7 10. c3 dxc3 11. Nxc3 O-O-O 12. Rc1 g5 13. hxg5 fxg5 14. Bg3
h5 15. Nd5 Qg7 16. Nxc7 Bg4 17. f3 Bxf3 18. Rxf3 Qxc7 19. Rf7 Nge7 20. b4 Qb6+
21. Kh1 Qxb4 22. a3 Qxa3 23. Bb3 Kb8 24. Rf6 Nc8 25. Bf2 Qb2 26. Rf3 Qe5 27.
Bd5 N8e7 28. Qb3 Ka8 29. Rf7 Rhf8 30. Rxe7 Qxe7 31. Kg1 h4 32. Qa4 Rxf2 33.
Kxf2 Qf6+ 34. Ke2 Qb2+ 35. Kd1 Nd4 36. Qc4 a6 37. Bxb7+ Qxb7 38. Qxd4 Qa7 39.
Qd5+ Qb7 40. Qd4 Qb3+ 41. Rc2 Rc8 42. Qd5+ Qxd5+ 43. exd5 Rxc2 44. Kxc2 Kb7 45.
Kc3 g4 0-1

[Event "II. CLANSKA LIGA ZAHOD 2012"]
[Site " Ljubljana"]
[Date "2012.10.27"]
[Round "8.1"]
[White "Sadikov, Aleksander"]
[Black "Janzelj, Tim"]
[Result "0-1"]
[WhiteElo "1988"]
[BlackElo "2247"]
[PlyCount "105"]
[EventDate "2012.10.27"]
[WhiteTeam "SS KD DR LOJZ KRAIGHER LJUBLJANA"]
[BlackTeam "SK IG"]

1. e4 e5 2. Nf3 Nc6 3. d4 exd4 4. Nxd4 Nf6 5. Nxc6 bxc6 6. e5 Qe7 7. Qe2 Nd5 8.
c4 Nb6 9. b3 Bb7 10. Bb2 O-O-O 11. Nd2 g6 12. O-O-O Bg7 13. f4 Rhe8 14. Qg4 f5
15. Qg3 d6 16. Nf3 c5 17. Be2 Be4 18. Rhe1 Nd7 19. exd6 Bxb2+ 20. Kxb2 Qf6+ 21.
Ka3 cxd6 22. Ng5 Kc7 23. Nxh7 Qg7 24. Ng5 Rb8 25. Rc1 Bxg2 26. Bd1 Rb6 27. Rc3
Rxe1 28. Qxe1 d5 29. cxd5 Bxd5 30. Bf3 Bxf3 31. Nxf3 Rd6 32. Qc1 Qf6 33. Ne5
Nxe5 34. fxe5 Ra6+ 35. Kb2 Qxe5 36. Kb1 Qe4+ 37. Ka1 Qd4 38. Kb1 Rc6 39. Rc4
Qd3+ 40. Kb2 Qd6 41. h4 Kb6 42. a4 Qh2+ 43. Ka3 Qe5 44. Ka2 a5 45. Ka3 Re6 46.
Rf4 Rd6 47. Ka2 Qe2+ 48. Ka3 Rd2 49. Qa1 Qe7 50. Rc4 Rd4 51. Qb2 Qxh4 52. Qe2
Qe4 53. Rxd4 0-1

[Event "II. CLANSKA LIGA ZAHOD 2012"]
[Site " Ljubljana"]
[Date "2012.10.27"]
[Round "8.2"]
[White "Rozic, Samo"]
[Black "Kodela, Marko"]
[Result "1-0"]
[WhiteElo "2085"]
[BlackElo "1983"]
[PlyCount "91"]
[EventDate "2012.10.27"]
[WhiteTeam "SK IG"]
[BlackTeam "SS KD DR LOJZ KRAIGHER LJUBLJANA"]

1. e4 c5 2. Nc3 Nc6 3. g3 g6 4. Bg2 Bg7 5. d3 d6 6. f4 e6 7. Nf3 Nge7 8. O-O
O-O 9. Be3 b6 10. d4 cxd4 11. Nxd4 Ba6 12. Re1 Nxd4 13. Bxd4 Rc8 14. Bxg7 Kxg7
15. Ne2 Qc7 16. c3 Bxe2 17. Qxe2 d5 18. exd5 Nxd5 19. Bxd5 Qc5+ 20. Qf2 Qxd5
21. Red1 Qc6 22. Rd4 Rc7 23. Rad1 Re7 24. Rd6 Qb5 25. R1d2 h5 26. b3 Rc8 27. c4
Qc5 28. Rd7 Qxf2+ 29. Kxf2 Rc7 30. Rxc7 Rxc7 31. Ke3 Kf6 32. Rd8 Ke7 33. Ra8
Rd7 34. b4 Kd6 35. Kd4 Ke7+ 36. Ke5 Rc7 37. Kd4 Kf6 38. c5 bxc5+ 39. bxc5 Kf5
40. Rb8 Rd7+ 41. Kc4 Rd2 42. Rb3 Rd7 43. c6 Rd6 44. Kb5 Rd5+ 45. Ka6 e5 46. Rc3
1-0

[Event "II. CLANSKA LIGA ZAHOD 2012"]
[Site " Ljubljana"]
[Date "2012.10.27"]
[Round "8.3"]
[White "Jelen, Ales"]
[Black "Hiti, Domen"]
[Result "1/2-1/2"]
[WhiteElo "1829"]
[BlackElo "2061"]
[PlyCount "80"]
[EventDate "2012.10.27"]
[WhiteTeam "SS KD DR LOJZ KRAIGHER LJUBLJANA"]
[BlackTeam "SK IG"]

1. e4 e6 2. d4 d5 3. Nc3 Nf6 4. Bg5 dxe4 5. Nxe4 Be7 6. Bxf6 gxf6 7. Nf3 b6 8.
Bb5+ c6 9. Bd3 Nd7 10. Qe2 Bb7 11. Ba6 Qc8 12. Bxb7 Qxb7 13. O-O O-O-O 14. c4
Nf8 15. Rfd1 Ng6 16. a3 h5 17. b4 Rhg8 18. Qe3 Qc7 19. Kh1 f5 20. Neg5 Bd6 21.
Nh3 Bf4 22. Nxf4 Nxf4 23. g3 Ng6 24. d5 f4 25. Qe4 fxg3 26. fxg3 Rd6 27. dxc6
Qxc6 28. Qxc6+ Rxc6 29. Rac1 h4 30. Rd4 hxg3 31. hxg3 e5 32. Rd5 e4 33. Ng5 Ne7
34. Re5 f6 35. Rxe7 Rxg5 36. Kg2 f5 37. Kf2 Rh6 38. c5 b5 39. Rd1 Rh2+ 40. Kg1
Rh3 1/2-1/2

[Event "II. CLANSKA LIGA ZAHOD 2012"]
[Site " Ljubljana"]
[Date "2012.10.27"]
[Round "8.4"]
[White "Rozic, Adrijan"]
[Black "Pajnhart, Tadej"]
[Result "1-0"]
[WhiteElo "2100"]
[BlackElo "1860"]
[PlyCount "117"]
[EventDate "2012.10.27"]
[WhiteTeam "SK IG"]
[BlackTeam "SS KD DR LOJZ KRAIGHER LJUBLJANA"]

1. d4 d5 2. c4 c6 3. e3 Nf6 4. Nc3 e6 5. Nf3 Be7 6. Bd3 dxc4 7. Bxc4 Nbd7 8.
O-O O-O 9. Qe2 Qc7 10. e4 Nb6 11. Bd3 Re8 12. Bg5 a6 13. Rac1 Qd8 14. Rfd1 Bd7
15. Bb1 Nfd5 16. Bd2 Nxc3 17. bxc3 Ba3 18. e5 Bxc1 19. Bxc1 f5 20. exf6 gxf6
21. Ba3 Kg7 22. Nh4 f5 23. Qh5 Nc4 24. Rd3 Rg8 25. Rg3+ Kh8 26. Bc1 Rxg3 27.
hxg3 Qe8 28. Qe2 b5 29. Bd3 Nb6 30. Qe5+ Kg8 31. Bh6 Qf7 32. Be2 Nd5 33. Bh5
Qe7 34. Bd2 Be8 35. Bd1 Bf7 36. Bb3 Qc7 37. Qe2 Re8 38. f4 Nf6 39. Bc2 Bh5 40.
Qe1 Ng4 41. Nf3 c5 42. Bb3 Bf7 43. Ne5 Nxe5 44. fxe5 cxd4 45. cxd4 Qd7 46. Qe3
Rd8 47. Qg5+ Bg6 48. Be3 a5 49. Qf6 Re8 50. Qh4 a4 51. Bd1 Qe7 52. Bg5 Qf7 53.
Kh2 Ra8 54. Bf3 Ra7 55. Be3 Ra5 56. Qd8+ Kg7 57. Qxa5 Bh5 58. Qxb5 Bg4 59. Qb7
1-0

[Event "II. CLANSKA LIGA ZAHOD 2012"]
[Site " Ljubljana"]
[Date "2012.10.27"]
[Round "8.5"]
[White "Pecnik, Primoz"]
[Black "Zupec, Jan"]
[Result "0-1"]
[WhiteElo "1818"]
[BlackElo "1975"]
[PlyCount "104"]
[EventDate "2012.10.27"]
[WhiteTeam "SS KD DR LOJZ KRAIGHER LJUBLJANA"]
[BlackTeam "SK IG"]

1. e4 g6 2. d4 c6 3. Nc3 d5 4. exd5 cxd5 5. Nf3 Nc6 6. g3 Bg4 7. Bg2 Bg7 8. Ne2
e6 9. c3 Nge7 10. O-O b5 11. h3 Bxf3 12. Bxf3 O-O 13. Be3 Qd7 14. Bg2 Rab8 15.
a3 a5 16. Nc1 Nc8 17. Nd3 Nd6 18. Nc5 Qe7 19. Bf4 Rb6 20. Bxd6 Qxd6 21. b4 Ra8
22. Qf3 Rbb8 23. Ra2 Nd8 24. Raa1 Nb7 25. Qd3 Qc6 26. Rfe1 Ra7 27. Nxb7 Qxb7
28. Bf1 Qc6 29. Rab1 axb4 30. axb4 Ra3 31. Rec1 Rc8 32. Qxb5 Qxb5 33. Bxb5
Rcxc3 34. Rxc3 Rxc3 35. Ba6 Bxd4 36. Kf1 Rf3 37. b5 Rxf2+ 38. Ke1 Rb2 39. Rxb2
Bxb2 40. Kd2 Kg7 41. b6 Kf6 42. Ke3 Be5 43. g4 g5 44. Bb5 Ke7 45. Kd3 f6 46.
Ba4 Bb8 47. Kd4 Kd6 48. Be8 e5+ 49. Kd3 Kc5 50. Bf7 e4+ 51. Kc3 d4+ 52. Kd2
Bf4+ 0-1

[Event "II. CLANSKA LIGA ZAHOD 2012"]
[Site " Ljubljana"]
[Date "2012.10.27"]
[Round "8.6"]
[White "Janzelj, Lara"]
[Black "Hribar, Andrej"]
[Result "1/2-1/2"]
[WhiteElo "1775"]
[BlackElo "1658"]
[PlyCount "105"]
[EventDate "2012.10.27"]
[WhiteTeam "SK IG"]
[BlackTeam "SS KD DR LOJZ KRAIGHER LJUBLJANA"]

1. d4 d5 2. c4 dxc4 3. Nc3 e6 4. Nf3 Bb4 5. e4 Bxc3+ 6. bxc3 b5 7. Bf4 Ne7 8.
a4 c6 9. axb5 cxb5 10. Bxb8 Rxb8 11. Rxa7 Qb6 12. Ra1 Bb7 13. Nd2 O-O 14. Qb1
Ba8 15. Be2 f5 16. O-O fxe4 17. Nxe4 Bxe4 18. Qxe4 Nd5 19. Rfc1 Rf4 20. Qe5
Rbf8 21. Bf3 R4f5 22. Qe4 Qd6 23. Ra7 R5f7 24. Rxf7 Rxf7 25. Bg4 Re7 26. Re1
Nc7 27. g3 g6 28. Re3 Kg7 29. Qe5+ Qxe5 30. Rxe5 Nd5 31. Rxe6 Rxe6 32. Bxe6
Nxc3 33. Kf1 Kf6 34. Bg8 h6 35. Ke1 Ne4 36. f3 Nd6 37. Bd5 Nf5 38. Kd2 Nxd4 39.
Kc3 Nf5 40. Be4 g5 41. Kb4 Nd6 42. Bb1 Ke5 43. Kc5 c3 44. Kb4 Kd4 45. f4 gxf4
46. gxf4 Nc4 47. f5 Ke5 48. Kxc3 Nd6 49. Bd3 h5 50. h4 Nxf5 51. Bxb5 Kf4 52.
Be8 Ng7 53. Bxh5 1/2-1/2

[Event "II. CLANSKA LIGA ZAHOD 2012"]
[Site " Ljubljana"]
[Date "2012.10.28"]
[Round "9.1"]
[White "Janzelj, Tim"]
[Black "Biti, Ozren"]
[Result "1-0"]
[WhiteElo "2247"]
[BlackElo "2380"]
[PlyCount "99"]
[EventDate "2012.10.28"]
[WhiteTeam "SK IG"]
[BlackTeam "SD HIDRIA AET TOLMIN"]

1. d4 d6 2. c4 e5 3. d5 Nd7 4. Nc3 g6 5. e4 Bh6 6. Bxh6 Nxh6 7. Qd2 Ng8 8. h4
h5 9. g3 Nh6 10. f3 Kf8 11. Nh3 Kg7 12. Be2 f5 13. Ng5 Nf6 14. O-O-O Qe7 15.
Bd3 a6 16. exf5 gxf5 17. f4 e4 18. Be2 Kg6 19. Qd4 Bd7 20. b4 Nfg4 21. Kb2 Qf6
22. Qxf6+ Kxf6 23. Rc1 Nf2 24. Rhf1 Nhg4 25. Bxg4 Nxg4 26. c5 a5 27. a3 axb4
28. axb4 dxc5 29. bxc5 Ra5 30. Ra1 Rha8 31. Rxa5 Rxa5 32. Ra1 Rxa1 33. Kxa1 Nf2
34. Kb1 Nd3 35. d6 c6 36. Na4 e3 37. Nb6 Nxc5 38. Kc2 Be6 39. Kd1 Nd7 40. Nxd7+
Bxd7 41. Ke2 c5 42. Kxe3 b5 43. Kd3 Bc6 44. Kc3 Bd5 45. Kc2 b4 46. Kd3 c4+ 47.
Kd4 c3 48. Kxd5 c2 49. d7 Ke7 50. Ne6 1-0

[Event "II. CLANSKA LIGA ZAHOD 2012"]
[Site " Ljubljana"]
[Date "2012.10.28"]
[Round "9.2"]
[White "Vandersmissen, Mathieu"]
[Black "Rozic, Samo"]
[Result "0-1"]
[WhiteElo "2131"]
[BlackElo "2085"]
[PlyCount "92"]
[EventDate "2012.10.28"]
[WhiteTeam "SD HIDRIA AET TOLMIN"]
[BlackTeam "SK IG"]

1. e4 e6 2. d4 d5 3. Nc3 Nf6 4. e5 Nfd7 5. Nf3 c5 6. dxc5 Bxc5 7. Bd3 Nc6 8.
Qe2 a6 9. O-O b5 10. Re1 Nb4 11. Bg5 Qc7 12. a4 Nxd3 13. cxd3 h6 14. Bf4 b4 15.
Na2 a5 16. Nc1 Ba6 17. Nb3 Bb6 18. h4 Nc5 19. Nxc5 Bxc5 20. Qd2 Qa7 21. Rac1
Ke7 22. Rc2 Rhc8 23. d4 Bb6 24. Rec1 Qd7 25. b3 Qe8 26. g4 Rxc2 27. Rxc2 Rc8
28. Kg2 Kf8 29. Be3 Kg8 30. h5 Rxc2 31. Qxc2 Qc8 32. Qxc8+ Bxc8 33. Nd2 Ba6 34.
Kg3 Bd3 35. f3 f6 36. f4 Be2 37. Nf3 Bd1 38. Nd2 f5 39. g5 Bxh5 40. Nf1 Bd1 41.
Nd2 Kh7 42. gxh6 gxh6 43. Kh3 Kg6 44. Kh4 Bd8+ 45. Kg3 Kh5 46. Kh3 Bg4+ 0-1

[Event "II. CLANSKA LIGA ZAHOD 2012"]
[Site " Ljubljana"]
[Date "2012.10.28"]
[Round "9.3"]
[White "Hiti, Domen"]
[Black "Raspor, Gregor"]
[Result "1-0"]
[WhiteElo "2061"]
[BlackElo "2114"]
[PlyCount "75"]
[EventDate "2012.10.28"]
[WhiteTeam "SK IG"]
[BlackTeam "SD HIDRIA AET TOLMIN"]

1. d4 Nf6 2. c4 e6 3. Nf3 b6 4. g3 Bb7 5. Bg2 Be7 6. O-O O-O 7. Re1 d5 8. cxd5
exd5 9. Nc3 Nbd7 10. Bg5 Ne4 11. Bxe7 Qxe7 12. Nd2 Ndf6 13. e3 c5 14. Rc1 Rac8
15. Ncxe4 dxe4 16. dxc5 Rxc5 17. Rxc5 Qxc5 18. Qa4 Qd5 19. Nb1 a5 20. Rd1 Qe5
21. Nc3 h5 22. Qd4 Re8 23. Qxb6 Bc8 24. Rd8 Bf5 25. Rxe8+ Nxe8 26. Qd8 Kh7 27.
Qg5 Nf6 28. Bh3 g6 29. Bxf5 gxf5 30. Ne2 Qxb2 31. Qxf5+ Kg7 32. Nd4 Qb6 33. Kg2
Kf8 34. a4 Ke7 35. Qxa5 Qxa5 36. Nc6+ Kd6 37. Nxa5 Kc5 38. Nb7+ 1-0

[Event "II. CLANSKA LIGA ZAHOD 2012"]
[Site " Ljubljana"]
[Date "2012.10.28"]
[Round "9.4"]
[White "Ursic, Mateja"]
[Black "Rozic, Adrijan"]
[Result "1-0"]
[WhiteElo "2071"]
[BlackElo "2100"]
[PlyCount "105"]
[EventDate "2012.10.28"]
[WhiteTeam "SD HIDRIA AET TOLMIN"]
[BlackTeam "SK IG"]

1. e4 e6 2. d4 d5 3. Nd2 Nf6 4. e5 Ng8 5. Bd3 c5 6. c3 Qb6 7. Ne2 Bd7 8. O-O
cxd4 9. cxd4 Bb5 10. Nb3 Bxd3 11. Qxd3 Qa6 12. Qf3 Nd7 13. Nf4 Ne7 14. Be3 Nc6
15. Rfc1 Be7 16. Qg4 O-O 17. Nxd5 Bd8 18. Bh6 g6 19. Bxf8 Kxf8 20. Ne3 Bb6 21.
Nc4 Bc7 22. Qf4 Kg8 23. Rc3 h5 24. a3 Ne7 25. Ne3 Nc6 26. Rac1 Rd8 27. Nc4 Ne7
28. Rf3 Rf8 29. Nd6 Nd5 30. Qg3 Qe2 31. Nxf7 Ne7 32. Ng5 Nf5 33. Qh3 Nxe5 34.
dxe5 Bxe5 35. g4 Bxb2 36. gxf5 Bxc1 37. Nxc1 Qd1+ 38. Qf1 Qd5 39. Qe2 e5 40.
Rd3 Qc4 41. Qa2 Qxa2 42. Nxa2 Rxf5 43. Ne4 Rf7 44. Kg2 Kg7 45. Ng5 Re7 46. f3
Kf6 47. h4 b5 48. Nc3 Rb7 49. Nce4+ Kg7 50. Nc5 Re7 51. Rd7 Kf8 52. Nce6+ Ke8
53. Rd8# 1-0

[Event "II. CLANSKA LIGA ZAHOD 2012"]
[Site " Ljubljana"]
[Date "2012.10.28"]
[Round "9.5"]
[White "Zupec, Jan"]
[Black "Anakiev, Dimitar"]
[Result "0-1"]
[WhiteElo "1975"]
[BlackElo "2046"]
[PlyCount "106"]
[EventDate "2012.10.28"]
[WhiteTeam "SK IG"]
[BlackTeam "SD HIDRIA AET TOLMIN"]

1. g3 Nf6 2. d4 g6 3. Bg2 Bg7 4. c3 O-O 5. e4 d6 6. Ne2 e5 7. f3 Nc6 8. Be3 Ne8
9. O-O Kh8 10. d5 Ne7 11. c4 f5 12. Nbc3 Nf6 13. h3 h6 14. b4 g5 15. g4 fxg4
16. hxg4 Ng6 17. Ng3 Nf4 18. Nf5 Bxf5 19. exf5 a5 20. bxa5 Rxa5 21. Ne4 Ra3 22.
Bc1 Rd3 23. Qc2 Rd4 24. Be3 Rxe4 25. fxe4 Nxg4 26. Rae1 Qa8 27. Rf3 h5 28. Kh1
Nxe3 29. Rfxe3 g4 30. Qb2 b6 31. Bf1 Qd8 32. Qh2 Qg5 33. Rg3 Bh6 34. Be2 Nxe2
35. Rxe2 h4 36. Rc3 h3 37. Qg3 Qg7 38. Qh4 Rg8 39. Rf2 Qg5 40. Qxg5 Bxg5 41. f6
Bf4 42. Kg1 Rf8 43. a4 Rxf6 44. Ra2 Kg7 45. Rb3 Kg6 46. a5 bxa5 47. Rxa5 Kg5
48. Ra8 g3 49. Rg8+ Rg6 50. Rf8 Kg4 51. Rf7 Bg5 52. Rxc7 Rf6 53. Rg7 h2+ 0-1

[Event "II. CLANSKA LIGA ZAHOD 2012"]
[Site " Ljubljana"]
[Date "2012.10.28"]
[Round "9.6"]
[White "Hozjan, Erik"]
[Black "Janzelj, Lara"]
[Result "1-0"]
[WhiteElo "1758"]
[BlackElo "1775"]
[PlyCount "43"]
[EventDate "2012.10.28"]
[WhiteTeam "SD HIDRIA AET TOLMIN"]
[BlackTeam "SK IG"]

1. e4 d5 2. exd5 Qxd5 3. Nc3 Qd6 4. d4 Nf6 5. Be3 a6 6. Nf3 g6 7. h3 Bg7 8. Qd2
Nc6 9. Bf4 Qd8 10. O-O-O O-O 11. Bh6 Bf5 12. Bxg7 Kxg7 13. g4 Ne4 14. Qe1 Nxc3
15. Qxc3 Bxc2 16. d5+ f6 17. Kxc2 Na7 18. Ng5 Qe8 19. Ne6+ Kf7 20. Nxf8 Kxf8
21. Bc4 Qa4+ 22. Qb3 1-0

[Event "II. CLANSKA LIGA ZAHOD 2012"]
[Site " Ljubljana"]
[Date "2012.10.28"]
[Round "9.1"]
[White "Oberc, Marjan"]
[Black "Solmajer, Luka"]
[Result "0-1"]
[WhiteElo "2049"]
[BlackElo "2048"]
[PlyCount "81"]
[EventDate "2012.10.28"]
[WhiteTeam "SK TRZIN"]
[BlackTeam "SS KC DR LOJZ KREIGHER LJUBLJANA"]

1. e4 e6 2. d4 d5 3. e5 c5 4. c3 Nc6 5. Nf3 cxd4 6. cxd4 Qb6 7. Nc3 Bd7 8. Be2
Nge7 9. O-O Nf5 10. Na4 Qc7 11. g4 Nfe7 12. Bd2 f6 13. Nc5 Nxe5 14. Rc1 Nxf3+
15. Bxf3 Nc6 16. Nxd7 Qxd7 17. Bf4 Bd6 18. Bg3 O-O 19. Re1 Bb4 20. Re3 Ba5 21.
a3 Rac8 22. Rd3 Bb6 23. b4 Nxd4 24. Rxc8 Nxf3+ 25. Qxf3 Rxc8 26. h4 Rc1+ 27.
Kg2 Qc6 28. Rd1 Rc3 29. Rd3 d4 30. Qxc6 bxc6 31. Rxc3 dxc3 32. Bf4 e5 33. Bc1
Kf7 34. Kf3 Ke6 35. Ke2 Kd5 36. f4 exf4 37. Bxf4 Kc4 38. Bc1 Kb3 39. Kd3 Bf2
40. h5 Bh4 41. Kd4 0-1

[Event "II. CLANSKA LIGA ZAHOD 2012"]
[Site " Ljubljana"]
[Date "2012.10.28"]
[Round "9.2"]
[White "Persl, Bojan"]
[Black "Rojs, Igor"]
[Result "1/2-1/2"]
[WhiteElo "2088"]
[BlackElo "1978"]
[PlyCount "84"]
[EventDate "2012.10.28"]
[WhiteTeam "SS KC DR LOJZ KREIGHER LJUBLJANA"]
[BlackTeam "SK TRZIN"]

1. e4 d6 2. d4 Nf6 3. Nc3 e5 4. Nf3 Nbd7 5. Bc4 h6 6. O-O c6 7. a4 a5 8. Qe2
Qc7 9. dxe5 Nxe5 10. Nxe5 dxe5 11. h3 Bd6 12. Be3 O-O 13. Rad1 Re8 14. Qf3 Qe7
15. Ne2 Bc5 16. Bc1 Be6 17. Bd3 Nh7 18. Qg3 Qf6 19. Kh1 g5 20. f4 exf4 21. Bxf4
Qg7 22. Be5 f6 23. Bc3 Bb4 24. Nd4 Kh8 25. Nxe6 Rxe6 26. Bd4 Bd6 27. Qf3 Be5
28. Bc4 Ree8 29. Bc5 Nf8 30. c3 Ne6 31. Bb6 Nf8 32. Rd3 Nd7 33. Rxd7 Qxd7 34.
Rd1 Qg7 35. Qg4 Re7 36. Be6 Rae8 37. Bf5 Bc7 38. Bc5 Qf7 39. Bxe7 Rxe7 40. Rd3
h5 41. Qd1 h4 42. b3 Kg7 1/2-1/2

[Event "II. CLANSKA LIGA ZAHOD 2012"]
[Site " Ljubljana"]
[Date "2012.10.28"]
[Round "9.3"]
[White "Jukan, Nesib"]
[Black "Sadikov, Aleksander"]
[Result "1/2-1/2"]
[WhiteElo "1975"]
[BlackElo "1988"]
[PlyCount "35"]
[EventDate "2012.10.28"]
[WhiteTeam "SK TRZIN"]
[BlackTeam "SS KC DR LOJZ KREIGHER LJUBLJANA"]

1. d4 d5 2. Bg5 Bf5 3. Nf3 Nd7 4. e3 Ngf6 5. c4 c6 6. Nc3 e6 7. Bd3 Bg6 8. O-O
Be7 9. Rc1 dxc4 10. Bxc4 O-O 11. Bd3 c5 12. Bxg6 hxg6 13. dxc5 Nxc5 14. Qe2 Qd3
15. Rfd1 Qxe2 16. Nxe2 Rac8 17. h3 a5 18. Nc3 1/2-1/2

[Event "II. CLANSKA LIGA ZAHOD 2012"]
[Site " Ljubljana"]
[Date "2012.10.28"]
[Round "9.4"]
[White "Jelen, Ales"]
[Black "Grum, Andrej"]
[Result "1-0"]
[WhiteElo "1829"]
[BlackElo "1785"]
[PlyCount "89"]
[EventDate "2012.10.28"]
[WhiteTeam "SS KC DR LOJZ KREIGHER LJUBLJANA"]
[BlackTeam "SK TRZIN"]

1. e4 c5 2. c3 d5 3. exd5 Qxd5 4. d4 e5 5. dxe5 Qxe5+ 6. Be2 Nf6 7. Nf3 Qc7 8.
O-O Be7 9. Qc2 Bg4 10. Bg5 Nbd7 11. Nbd2 O-O 12. Bd3 Rfe8 13. Rfe1 Bh5 14.
Bxh7+ Nxh7 15. Bxe7 Bg6 16. Qb3 Nb6 17. Bh4 c4 18. Qb5 f6 19. Bg3 Qf7 20. Rxe8+
Rxe8 21. Qa5 Nc8 22. Qc5 Bd3 23. Re1 Nb6 24. h3 Nf8 25. b3 Nfd7 26. Qd4 Rc8 27.
Nxc4 Bxc4 28. bxc4 Rxc4 29. Qd2 Ra4 30. Re2 Qd5 31. Nd4 Ra6 32. Qc2 Nf8 33. Qb3
Qc4 34. Bc7 Qxb3 35. axb3 Nd5 36. Bb8 Nxc3 37. Re7 Ra1+ 38. Kh2 Nd5 39. Rxb7 a6
40. Bd6 Re1 41. Nf5 Ne6 42. Ra7 Ra1 43. b4 Kh7 44. Ne7 Ra2 45. Nxd5 1-0

[Event "II. CLANSKA LIGA ZAHOD 2012"]
[Site " Ljubljana"]
[Date "2012.10.28"]
[Round "9.5"]
[White "Markic, Vladimir"]
[Black "Pajnhart, Tadej"]
[Result "1/2-1/2"]
[WhiteElo "1763"]
[BlackElo "1860"]
[PlyCount "77"]
[EventDate "2012.10.28"]
[WhiteTeam "SK TRZIN"]
[BlackTeam "SS KC DR LOJZ KREIGHER LJUBLJANA"]

1. e4 d5 2. exd5 Qxd5 3. Nf3 Nf6 4. d4 Bg4 5. Be2 c6 6. O-O e6 7. c4 Qd8 8. Nc3
Be7 9. Be3 O-O 10. Qc2 Bf5 11. Bd3 Bxd3 12. Qxd3 Qc7 13. h3 Nbd7 14. Rfd1 Rfd8
15. Qc2 Nf8 16. Rd2 Ng6 17. Rad1 h6 18. a3 Rac8 19. b4 b5 20. Qb3 Qb7 21. cxb5
cxb5 22. d5 Rxc3 23. Qxc3 Ne4 24. Qc6 Qxc6 25. dxc6 Nxd2 26. Rxd2 Rxd2 27. Nxd2
Bd6 28. Bxa7 Ne7 29. Ne4 Nxc6 30. Nxd6 Nxa7 31. Kf1 Kf8 32. Ke2 Ke7 33. Ne4 f5
34. Nc3 Kd6 35. Kd3 e5 36. a4 bxa4 37. Nxa4 Nc6 38. Kc4 g5 39. Nc5 1/2-1/2